Fitted numerical methods for singular perturbation problems: Error estimates in the maximun norm for linear problems in one and two dimensions
Gardado en:
| Main Authors: | , , |
|---|---|
| Formato: | Libro |
| Idioma: | inglés |
| Publicado: |
Singapur
World Scientific
1996
|
| Subjects: | |
| Tags: |
Engadir etiqueta
Sen Etiquetas, Sexa o primeiro en etiquetar este rexistro!
|
MARC
| LEADER | 00000nam a2200000 a 4500 | ||
|---|---|---|---|
| 001 | UCL7298 | ||
| 003 | CL-VaPUC | ||
| 008 | 040514e19960000si |||||||||||||||||eng|d | ||
| 020 | |a 9810224621 | ||
| 082 | 0 | 4 | |a 519.4 |b MIL |2 21 |
| 100 | |a Miller, John James Henry |e autor |9 485210 | ||
| 700 | 0 | |a O'Riordan, E |e author |9 485211 | |
| 700 | 0 | |a Shishkin, G.I |e author |9 485212 | |
| 245 | 1 | 0 | |a Fitted numerical methods for singular perturbation problems: Error estimates in the maximun norm for linear problems in one and two dimensions |
| 300 | |a 166 p | ||
| 942 | |c BK | ||
| 945 | |d 20040514 00:00:00 |a cmena | ||
| 260 | |a Singapur |b World Scientific |c 1996 | ||
| 650 | 0 | |a Métodos numéricos |9 259314 | |
| 650 | 7 | |a PERTURBACION |2 CL-VaPUC |9 425392 | |
| 583 | |a last modification |c 20171221 03:15:41 |k Rodrigo Vera | ||
| 999 | |c 309143 |d 309141 | ||
| 952 | |0 0 |1 0 |4 0 |6 519_400000000000000_MIL_1996 |7 0 |8 A |9 376490 |a BIBMAT |b BIBMAT |d 2019-11-21 |i 4015509 |o 519.4 MIL 1996 |p 4015509 |r 2025-01-07 |w 2019-11-21 |y BK |k MAT | ||